[Event "Plovdiv Radulski Memorial 3rd"]
[Site "Plovdiv"]
[Date "2017.10.29"]
[Round "7"]
[White "Kostadinov, Rumen"]
[Black "Karadzhov, Ivan"]
[Result "0-1"]
[WhiteElo "2086"]
[BlackElo "1594"]
[PlyCount "54"]
[EventDate "2017.10.29"]
[EventType "swiss (rapid)"]
[EventRounds "9"]
[EventCountry "BUL"]
[SourceTitle "CBM 181 Extra"]
[Source "ChessBase"]
[SourceDate "2017.12.12"]
[SourceVersion "1"]
[SourceVersionDate "2017.12.12"]
[SourceQuality "1"]

1. e4 d5 2. Nc3 d4 3. Nce2 c5 4. d3 Nc6 5. f4 e6 6. Nf3 g6 7. g3 Bg7 8. Bg2 Nge7 9. 0-0 0-0 10. Bd2 b6 11. g4 f5 12. h3 fxg4 13. hxg4 Qc7 14. Qe1 h6 15. Qh4 Bd7 16. Ne5 Nxe5 17. fxe5 g5 18. Bxg5 hxg5 19. Qxg5 Nc6 20. Qd2 Qxe5 21. g5 Ne7 22. b4 Ng6 23. bxc5 bxc5 24. Rab1 Nh4 25. Bh1 Ng6 26. Bg2 Nh4 27. Bh1 c4 0-1

[Event "Plovdiv Radulski Memorial 3rd"]
[Site "Plovdiv"]
[Date "2017.10.29"]
[Round "6"]
[White "Stoyanov, Stoyan Or"]
[Black "Kostadinov, Rumen"]
[Result "1-0"]
[WhiteElo "1828"]
[BlackElo "2086"]
[PlyCount "51"]
[EventDate "2017.10.29"]
[EventType "swiss (rapid)"]
[EventRounds "9"]
[EventCountry "BUL"]
[SourceTitle "CBM 181 Extra"]
[Source "ChessBase"]
[SourceDate "2017.12.12"]
[SourceVersion "1"]
[SourceVersionDate "2017.12.12"]
[SourceQuality "1"]

1. d4 g6 2. c4 Bg7 3. Nc3 d6 4. e4 c6 5. f4 Qb6 6. Nf3 Bg4 7. Na4 Qa5+ 8. Bd2 Qc7 9. e5 Nh6 10. h3 Bxf3 11. Qxf3 0-0 12. g4 c5 13. exd6 exd6 14. d5 Na6 15. a3 Rae8+ 16. Kf2 Qd7 17. Nc3 Nc7 18. f5 gxf5 19. g5 Bd4+ 20. Kg2 Kh8 21. gxh6 Rg8+ 22. Kh2 Rg6 23. Ne2 Be5+ 24. Bf4 Reg8 25. Bxe5+ dxe5 26. Rg1 1-0

[Event "Kesarovski Georgiev Memorial-B 12th"]
[Site "Sunny Beach"]
[Date "2013.09.06"]
[Round "7"]
[White "Kostadinov, Rumen"]
[Black "Karaivanov, Aleksander"]
[Result "1/2-1/2"]
[WhiteElo "2141"]
[BlackElo "1940"]
[PlyCount "98"]
[EventDate "2013.08.31"]
[EventType "swiss"]
[EventRounds "9"]
[EventCountry "BUL"]
[SourceTitle "CBM 156 Extra"]
[Source "ChessBase"]
[SourceDate "2013.10.22"]
[SourceVersion "1"]
[SourceVersionDate "2013.10.22"]
[SourceQuality "1"]

1. c4 e5 2. Nc3 Nc6 3. g3 f5 4. Bg2 Nf6 5. d3 Bb4 6. Bd2 Bxc3 7. Bxc3 d6 8. e3 0-0 9. Ne2 Qe8 10. 0-0 Qh5 11. f3 Qg5 12. Qd2 Be6 13. b3 Rae8 14. Rae1 Qh5 15. d4 Bc8 16. b4 Nd8 17. f4 exd4 18. exd4 Ng4 19. h3 Ne3 20. Rf2 Nxc4 21. Qd3 Qf7 22. d5 b5 23. Nd4 Rxe1+ 24. Bxe1 Re8 25. Re2 Rxe2 26. Nxe2 Qe8 27. Bf2 a6 28. Nd4 Qf7 29. Ne2 Qe8 30. Bf3 Nf7 31. Bd4 Nh6 32. Kf2 Nb6 33. Qc3 Qd7 34. g4 fxg4 35. hxg4 Bb7 36. Bxb6 cxb6 37. Kg3 Bc8 38. f5 Nf7 39. Nf4 Ne5 40. Ne6 Bb7 41. Qd4 h6 42. Be4 Qc8 43. Qxb6 Qc3+ 44. Kh4 Qe1+ 45. Kh5 Nf7 46. Qxb7 Qxe4 47. Qc8+ Kh7 48. Nf8+ Kg8 49. Ng6+ Kh7 1/2-1/2

[Event "Kesarovski Georgiev Memorial 11th"]
[Site "Sunny Beach"]
[Date "2012.09.09"]
[Round "9"]
[White "Jina, Lubos"]
[Black "Kostadinov, Rumen"]
[Result "0-1"]
[WhiteElo "1794"]
[BlackElo "2177"]
[PlyCount "66"]
[EventDate "2012.09.01"]
[EventType "swiss"]
[EventRounds "9"]
[EventCountry "BUL"]
[SourceTitle "CBM 150 Extra"]
[Source "ChessBase"]
[SourceDate "2012.10.19"]
[SourceVersion "1"]
[SourceVersionDate "2012.10.19"]
[SourceQuality "1"]

1. d4 g6 2. c4 Bg7 3. e4 d6 4. Nf3 Nf6 5. Be2 Nxe4 6. Bd3 Nf6 7. 0-0 0-0 8. Bg5 c5 9. dxc5 dxc5 10. Qc2 Nc6 11. a3 Bg4 12. Re1 Bxf3 13. gxf3 Nd4 14. Qd1 Re8 15. Nc3 Qd7 16. Re3 Rad8 17. Qf1 Nf5 18. Rd1 Nxe3 19. fxe3 Qc6 20. Kf2 Rd7 21. Qh3 Red8 22. Bxf6 Qxf6 23. Ne4 Qxb2+ 24. Rd2 Qxa3 25. Ng5 Rxd3 26. Re2 h6 27. Ne4 Rxe3 28. Rxe3 Bd4 29. Qxh6 Qxe3+ 30. Qxe3 Bxe3+ 31. Kxe3 b6 32. Nc3 Rd4 33. Ne4 Rxe4+ 0-1

[Event "Sunny Beach op 10th"]
[Site "Sunny Beach"]
[Date "2011.08.30"]
[Round "4"]
[White "Kostadinov, Rumen"]
[Black "Petrov, Marian"]
[Result "1/2-1/2"]
[WhiteElo "2203"]
[BlackElo "2534"]
[PlyCount "69"]
[EventDate "2011.08.27"]
[EventType "swiss"]
[EventRounds "9"]
[EventCountry "BUL"]
[SourceTitle "CBM 144 Extra"]
[Source "ChessBase"]
[SourceDate "2011.10.28"]
[SourceVersion "1"]
[SourceVersionDate "2011.10.28"]
[SourceQuality "1"]

1. c4 g6 2. Nc3 Bg7 3. g3 e5 4. Bg2 d6 5. e4 Ne7 6. Nge2 0-0 7. 0-0 Be6 8. d3 Qd7 9. Nd5 c6 10. Nxe7+ Qxe7 11. Rb1 a5 12. Be3 Nd7 13. b3 f5 14. Qd2 Nf6 15. h3 d5 16. exf5 gxf5 17. Bh6 f4 18. Bxg7 Qxg7 19. Kh2 Kh8 20. cxd5 cxd5 21. gxf4 Rg8 22. Ng3 Qh6 23. Qb2 exf4 24. Nh5 Raf8 25. Nxf6 Rxf6 26. Rg1 f3 27. Bf1 Rxg1 28. Kxg1 Kg8 29. Qe5 Rf7 30. Re1 Qg7+ 31. Kh2 Rf6 32. Qb8+ Rf8 33. Qg3 Rf6 34. Qb8+ Rf8 35. Qe5 1/2-1/2

[Event "Blagoevgrad Kirov Memorial 2nd"]
[Site "Blagoevgrad"]
[Date "2010.01.11"]
[Round "1"]
[White "Rusev, Krasimir"]
[Black "Kostadinov, Rumen"]
[Result "1-0"]
[WhiteElo "2547"]
[BlackElo "2200"]
[PlyCount "49"]
[EventDate "2010.01.11"]
[EventType "swiss"]
[EventRounds "9"]
[EventCountry "BUL"]
[SourceTitle "CBM 134 Extra"]
[Source "ChessBase"]
[SourceDate "2010.03.03"]
[SourceVersion "1"]
[SourceVersionDate "2010.03.03"]
[SourceQuality "1"]

1. d4 g6 2. c4 Bg7 3. Nc3 d6 4. e4 c6 5. Be3 Nf6 6. h3 a6 7. c5 0-0 8. Nf3 b5 9. cxb6 Qxb6 10. Qd2 Nbd7 11. Rc1 Rb8 12. b3 c5 13. e5 Ne8 14. exd6 exd6 15. Na4 Qb4 16. dxc5 Qxd2+ 17. Nxd2 dxc5 18. Nxc5 Nef6 19. Nxa6 Bxa6 20. Bxa6 Ra8 21. Bc4 Rxa2 22. Nf3 Ne4 23. 0-0 Nc3 24. Rfe1 Rc8 25. Bd2 1-0

[Event "Dimitrovgrad op 1st"]
[Site "Dimitrovgrad"]
[Date "2009.09.05"]
[Round "2"]
[White "Kostadinov, Rumen"]
[Black "Stankov, Apostol"]
[Result "1-0"]
[WhiteElo "2192"]
[BlackElo "1887"]
[PlyCount "59"]
[EventDate "2009.09.05"]
[EventType "swiss"]
[EventRounds "7"]
[EventCountry "BUL"]
[SourceTitle "CBM 132 Extra"]
[Source "ChessBase"]
[SourceDate "2009.11.03"]
[SourceVersion "1"]
[SourceVersionDate "2009.11.03"]
[SourceQuality "1"]

1. Nf3 c5 2. g3 Nf6 3. Bg2 d5 4. 0-0 Nc6 5. c4 e6 6. d4 dxc4 7. Qa4 cxd4 8. Nxd4 Qxd4 9. Bxc6+ Bd7 10. Bxd7+ Qxd7 11. Qxc4 Be7 12. Nc3 Rc8 13. Qb3 0-0 14. Rd1 Qc6 15. Bf4 Ne4 16. Nxe4 Qxe4 17. Rd7 Bf6 18. Be3 Rfd8 19. Qxb7 Qxb7 20. Rxb7 Rb8 21. Rxb8 Rxb8 22. Rb1 a5 23. b3 a4 24. Bc5 Rc8 25. b4 h5 26. Rd1 Rc7 27. Rd3 Be7 28. Bxe7 Rxe7 29. Rd8+ Kh7 30. Ra8 1-0

[Event "Dimitrovgrad op 1st"]
[Site "Dimitrovgrad"]
[Date "2009.09.05"]
[Round "1"]
[White "Kovachev, Radoslav"]
[Black "Kostadinov, Rumen"]
[Result "0-1"]
[WhiteElo "1637"]
[BlackElo "2192"]
[PlyCount "52"]
[EventDate "2009.09.05"]
[EventType "swiss"]
[EventRounds "7"]
[EventCountry "BUL"]
[SourceTitle "CBM 132 Extra"]
[Source "ChessBase"]
[SourceDate "2009.11.03"]
[SourceVersion "1"]
[SourceVersionDate "2009.11.03"]
[SourceQuality "1"]

1. e4 g6 2. Nf3 Bg7 3. Nc3 d6 4. h3 Nf6 5. d4 0-0 6. Be3 c6 7. Bd3 b5 8. a3 a6 9. 0-0 Nbd7 10. Rb1 e5 11. Qd2 Re8 12. Bh6 Bb7 13. Bxg7 Kxg7 14. Rbe1 exd4 15. Nxd4 c5 16. Ndxb5 axb5 17. Nxb5 Qb6 18. Kh2 Ne5 19. f3 c4 20. Nxd6 Qxd6 21. f4 cxd3 22. fxe5 Qxe5+ 23. g3 Nxe4 24. Qe3 dxc2 25. Qb3 Bd5 26. Qd3 Rac8 0-1

[Event "Albena op"]
[Site "Albena"]
[Date "2009.06.27"]
[Round "8"]
[White "Dimov, Danail"]
[Black "Kostadinov, Rumen"]
[Result "0-1"]
[WhiteElo "2011"]
[BlackElo "2187"]
[PlyCount "150"]
[EventDate "2009.06.20"]
[EventType "swiss"]
[EventRounds "9"]
[EventCountry "BUL"]
[SourceTitle "CBM 130 Extra"]
[Source "ChessBase"]
[SourceDate "2009.07.02"]
[SourceVersion "2"]
[SourceVersionDate "2009.07.15"]
[SourceQuality "1"]

1. e4 g6 2. d4 c6 3. c3 Bg7 4. f4 d5 5. e5 h5 6. Nf3 Nh6 7. Be3 Qb6 8. Qc1 Bg4 9. Be2 Nf5 10. Bf2 e6 11. 0-0 Bf8 12. Nbd2 Nd7 13. b4 a5 14. a3 Be7 15. Nb3 axb4 16. axb4 0-0 17. Na5 Qc7 18. Qb2 b6 19. Nb3 c5 20. bxc5 bxc5 21. Rxa8 Rxa8 22. Ra1 Rb8 23. Qa2 c4 24. Nc1 Kg7 25. Nd2 Bxe2 26. Nxe2 Rb7 27. Nf1 Qb8 28. Qa4 Nf8 29. Qd1 Rb3 30. Nd2 Rb2 31. Rb1 Nd7 32. Rxb2 Qxb2 33. Qc1 Qa2 34. Qd1 Nb6 35. Nf1 Na4 36. Ne3 Nxe3 37. Bxe3 Qb3 38. Qe1 Nb2 39. Qd2 Ba3 40. Bf2 Nd3 41. Be1 Qb1 42. Kf1 Be7 43. g3 Ba3 44. Ng1 Bc1 45. Qd1 Qb3 46. Ke2 Qa2+ 47. Bd2 Bb2 48. Qc2 Qa1 49. Qd1 Bxc3 50. Qxa1 Bxa1 51. Nf3 Bb2 52. h3 Ba3 53. Ba5 Kf8 54. Bd8 Bb4 55. Bg5 Nb2 56. g4 hxg4 57. hxg4 Ke8 58. Nh4 Bc3 59. Ke3 Bb4 60. f5 gxf5 61. gxf5 Be1 62. Nf3 Ba5 63. Nh4 Bb6 64. f6 c3 65. Nf3 Kf8 66. Bh6+ Kg8 67. Ne1 Kh7 68. Bf8 Kg6 69. Bb4 Bc7 70. Nc2 Na4 71. Kd3 Kf5 72. Bxc3 Nxc3 73. Kxc3 Ke4 74. Kb4 Bb6 75. Kc3 Ba5+ 0-1

[Event "Albena op"]
[Site "Albena"]
[Date "2009.06.22"]
[Round "3"]
[White "Kostadinov, Rumen"]
[Black "Velikov, Vladimir"]
[Result "1-0"]
[WhiteElo "2187"]
[BlackElo "1857"]
[PlyCount "73"]
[EventDate "2009.06.20"]
[EventType "swiss"]
[EventRounds "9"]
[EventCountry "BUL"]
[SourceTitle "CBM 130 Extra"]
[Source "ChessBase"]
[SourceDate "2009.07.02"]
[SourceVersion "2"]
[SourceVersionDate "2009.07.15"]
[SourceQuality "1"]

1. d4 Nf6 2. Nf3 d6 3. Bg5 Nbd7 4. Nbd2 c6 5. e4 Qc7 6. c3 e5 7. Be2 Be7 8. 0-0 0-0 9. Qc2 h6 10. Bh4 Re8 11. Nc4 b5 12. Ne3 Nf8 13. a4 bxa4 14. dxe5 dxe5 15. Rxa4 Ng6 16. Bg3 Nh5 17. Rfa1 Nxg3 18. hxg3 Bc5 19. Nc4 Be6 20. Nfd2 Rf8 21. b4 Bb6 22. Nxb6 Qxb6 23. Ra6 Qc7 24. Qa4 Rfd8 25. Nc4 c5 26. Rc6 Qb7 27. Rxc5 Qxe4 28. Bf3 Qd3 29. Rd1 Qxc3 30. Bxa8 Rxd1+ 31. Qxd1 Qxb4 32. Qd6 Qe1+ 33. Kh2 Qxf2 34. Nxe5 Nf4 35. Be4 g6 36. Nxg6 Ne2 37. Qf8+ 1-0

[Event "Albena op"]
[Site "Albena"]
[Date "2009.06.21"]
[Round "2"]
[White "Petkov, Vladimir"]
[Black "Kostadinov, Rumen"]
[Result "1-0"]
[WhiteElo "2481"]
[BlackElo "2187"]
[PlyCount "69"]
[EventDate "2009.06.20"]
[EventType "swiss"]
[EventRounds "9"]
[EventCountry "BUL"]
[SourceTitle "CBM 130 Extra"]
[Source "ChessBase"]
[SourceDate "2009.07.02"]
[SourceVersion "2"]
[SourceVersionDate "2009.07.15"]
[SourceQuality "1"]

1. d4 g6 2. Nf3 Bg7 3. e4 c6 4. c3 d5 5. Nbd2 Nf6 6. e5 Nfd7 7. e6 fxe6 8. Ng5 Nf8 9. Bd3 e5 10. dxe5 Nbd7 11. f4 Nc5 12. Bc2 Qb6 13. Nb3 Nce6 14. Nf3 Bh6 15. g3 Ng7 16. Qe2 Bf5 17. Be3 Qb5 18. Qxb5 cxb5 19. 0-0-0 e6 20. Nfd4 Bxc2 21. Kxc2 Nf5 22. Bf2 Nxd4+ 23. Nxd4 a6 24. h4 Rc8 25. h5 b4 26. Be3 bxc3 27. bxc3 Kf7 28. Rb1 Rc7 29. Rb6 Rg8 30. hxg6+ Rxg6 31. f5 Bxe3 32. fxg6+ Kxg6 33. Kd3 Bxd4 34. cxd4 Rf7 35. Ke2 1-0

[Event "BUL-chT 55th"]
[Site "Sunny Beach"]
[Date "2005.10.02"]
[Round "7.5"]
[White "Kostadinov, Rumen"]
[Black "Marholev, Dimitar"]
[Result "1/2-1/2"]
[WhiteElo "2251"]
[BlackElo "2423"]
[PlyCount "40"]
[EventDate "2005.09.26"]
[EventType "team-swiss"]
[EventRounds "7"]
[EventCountry "BUL"]
[SourceTitle "CBM 108 Extra"]
[Source "ChessBase"]
[SourceDate "2005.11.04"]
[SourceVersion "1"]
[SourceVersionDate "2005.11.04"]
[SourceQuality "1"]
[WhiteTeam "Radnevo Maritsa Iztok"]
[BlackTeam "Plovdiv Lokomotiv"]
[WhiteTeamCountry "BUL"]
[BlackTeamCountry "BUL"]

1. d4 g6 2. Nf3 Bg7 3. c3 d6 4. Bg5 f5 5. h4 h6 6. Bf4 Nd7 7. e3 e5 8. Bg3 Qe7 9. Be2 Ngf6 10. Nfd2 g5 11. hxg5 hxg5 12. Rxh8+ Bxh8 13. Qc2 Qh7 14. Nf1 f4 15. Qxh7 Nxh7 16. Bh2 Ndf6 17. Nbd2 Ng4 18. Bg1 Nhf6 19. dxe5 dxe5 20. e4 Nh6 1/2-1/2

[Event "BUL-chT 55th"]
[Site "Sunny Beach"]
[Date "2005.09.26"]
[Round "1.5"]
[White "Kostadinov, Rumen"]
[Black "Ilchev, Dimitar"]
[Result "1-0"]
[WhiteElo "2251"]
[BlackElo "2019"]
[PlyCount "105"]
[EventDate "2005.09.26"]
[EventType "team-swiss"]
[EventRounds "7"]
[EventCountry "BUL"]
[SourceTitle "CBM 108 Extra"]
[Source "ChessBase"]
[SourceDate "2005.11.04"]
[SourceVersion "1"]
[SourceVersionDate "2005.11.04"]
[SourceQuality "1"]
[WhiteTeam "Radnevo Maritsa Iztok"]
[BlackTeam "Plovdiv Darshans"]
[WhiteTeamCountry "BUL"]
[BlackTeamCountry "BUL"]

1. d4 d5 2. Nf3 Nf6 3. e3 e6 4. Nbd2 Be7 5. Bd3 0-0 6. 0-0 b6 7. b3 Bb7 8. Bb2 Nbd7 9. Ne5 Nxe5 10. dxe5 Nd7 11. f4 f5 12. Nf3 Nc5 13. Be2 Ne4 14. Qc1 c5 15. Rd1 Qc7 16. c4 Rfd8 17. Qc2 Rac8 18. a4 a5 19. Nd2 Nxd2 20. Rxd2 Bc6 21. Rad1 g6 22. Bf3 dxc4 23. Qxc4 Kf7 24. e4 Rxd2 25. Rxd2 Rd8 26. Rxd8 Bxd8 27. exf5 gxf5 28. Bh5+ Ke7 29. Qc3 Kf8 30. Be2 Bd5 31. Bc1 Qg7 32. Bf1 Qd7 33. Be3 Bh4 34. h3 Qg7 35. Bf2 Bxf2+ 36. Kxf2 Qh6 37. Qe3 Qh4+ 38. Kg1 Ke8 39. Kh2 Kf8 40. Bc4 Qe7 41. Qd3 Qd7 42. g4 fxg4 43. hxg4 Qf7 44. Kg3 Bxc4 45. Qd8+ Kg7 46. bxc4 Qg6 47. Qe7+ Kg8 48. Qd8+ Kf7 49. Kf3 h5 50. g5 Qc2 51. Qf6+ Kg8 52. Qxe6+ Kf8 53. Qf6+ 1-0

[Event "BUL-chT"]
[Site "Plovdiv"]
[Date "2003.11.08"]
[Round "6"]
[White "Kostadinov, Rumen"]
[Black "Lazarov, Rosen"]
[Result "1/2-1/2"]
[WhiteElo "2294"]
[BlackElo "2207"]
[PlyCount "128"]
[EventDate "2003.11.??"]
[EventType "team"]
[EventRounds "9"]
[EventCountry "BUL"]
[SourceTitle "CBM 097 Extra"]
[Source "ChessBase"]
[SourceDate "2004.01.13"]
[SourceVersion "1"]
[SourceVersionDate "2004.01.13"]
[SourceQuality "1"]

1. d4 g6 2. Nf3 Bg7 3. c3 d6 4. Bg5 c6 5. Nbd2 Nd7 6. e4 Qc7 7. Be2 e5 8. dxe5 dxe5 9. Nc4 Ngf6 10. Qd6 Qxd6 11. Nxd6+ Ke7 12. 0-0-0 b5 13. Nxc8+ Rhxc8 14. Nd2 Nc5 15. f3 Ne6 16. Be3 Ng8 17. Kc2 Bh6 18. Bf2 Nf6 19. Nb3 Nd7 20. h4 a5 21. g3 a4 22. Nc1 Rab8 23. h5 Bg5 24. Nd3 c5 25. Rhf1 b4 26. f4 exf4 27. gxf4 Nxf4 28. Nxf4 Bxf4 29. Bh4+ g5 30. Rxf4 gxh4 31. Bg4 b3+ 32. axb3 axb3+ 33. Kc1 Rc7 34. Bxd7 Rxd7 35. Rxd7+ Kxd7 36. Rxf7+ Ke6 37. Rf4 Ke5 38. Rxh4 Rg8 39. h6 Rg2 40. Rh5+ Kxe4 41. Rxc5 Rc2+ 42. Kb1 Rh2 43. Kc1 Rxh6 44. Rc7 Rh1+ 45. Kd2 Rh2+ 46. Kc1 h5 47. Re7+ Kd3 48. Rd7+ Ke3 49. Re7+ Kf2 50. Rb7 h4 51. Rxb3 Rg2 52. c4 Rg3 53. Rb8 h3 54. Rh8 Kg2 55. Kc2 h2 56. Rxh2+ Kxh2 57. b4 Kh3 58. b5 Kh4 59. b6 Rg6 60. c5 Rc6 61. Kb3 Rxc5 62. Kb4 Rc1 63. Ka5 Rb1 64. Ka6 Rxb6+ 1/2-1/2

[Event "BUL-chT"]
[Site "Plovdiv"]
[Date "2003.11.06"]
[Round "3"]
[White "Mladenov, Emil"]
[Black "Kostadinov, Rumen"]
[Result "1/2-1/2"]
[WhiteElo "2132"]
[BlackElo "2294"]
[PlyCount "94"]
[EventDate "2003.11.??"]
[EventType "team"]
[EventRounds "9"]
[EventCountry "BUL"]
[SourceTitle "CBM 097 Extra"]
[Source "ChessBase"]
[SourceDate "2004.01.13"]
[SourceVersion "1"]
[SourceVersionDate "2004.01.13"]
[SourceQuality "1"]

1. e4 g6 2. g3 Bg7 3. d4 c6 4. Bg2 d5 5. e5 Nh6 6. h4 f6 7. Bxh6 Bxh6 8. f4 Qb6 9. b3 Na6 10. c3 Nc7 11. Nf3 Bg4 12. Qd3 0-0-0 13. b4 Bf5 14. Qe3 Be4 15. Nbd2 f5 16. 0-0 Qb5 17. Rfc1 Qa4 18. Bf1 e6 19. a3 Bf8 20. Be2 Bxf3 21. Bxf3 h6 22. Bd1 Qa6 23. a4 b6 24. b5 Qb7 25. bxc6 Qxc6 26. c4 Kb8 27. a5 Bb4 28. axb6 axb6 29. Bf3 Bxd2 30. Qxd2 Qb7 31. Rcb1 Kc8 32. Qb4 Na8 33. cxd5 exd5 34. Rc1+ Kb8 35. Rab1 Rh7 36. Qb5 g5 37. Rc6 gxf4 38. Bxd5 Rhd7 39. Rd6 Qa7 40. Rxd7 Rxd7 41. Bxa8 Kxa8 42. d5 Qa3 43. Qxd7 Qxg3+ 44. Kf1 Qf3+ 45. Ke1 Qe3+ 46. Kd1 Qd3+ 47. Ke1 Qe3+ 1/2-1/2

[Event "BUL-chT"]
[Site "Plovdiv"]
[Date "2003.11.05"]
[Round "1"]
[White "Popchev, Milko"]
[Black "Kostadinov, Rumen"]
[Result "1-0"]
[WhiteElo "2459"]
[BlackElo "2294"]
[PlyCount "135"]
[EventDate "2003.11.??"]
[EventType "team"]
[EventRounds "9"]
[EventCountry "BUL"]
[SourceTitle "CBM 097 Extra"]
[Source "ChessBase"]
[SourceDate "2004.01.13"]
[SourceVersion "1"]
[SourceVersionDate "2004.01.13"]
[SourceQuality "1"]

1. g3 Nf6 2. Bg2 g6 3. e4 Nc6 4. d4 d6 5. Ne2 Bg7 6. 0-0 0-0 7. Nbc3 e5 8. dxe5 dxe5 9. Bg5 Qxd1 10. Rfxd1 h6 11. Be3 Bg4 12. h3 Bxe2 13. Nxe2 Rfd8 14. c3 Bf8 15. b4 Kg7 16. Bf3 Nd7 17. Nc1 a5 18. b5 Na7 19. a4 Nc5 20. Bxc5 Bxc5 21. Nb3 Bb6 22. c4 c5 23. Bg4 Kf6 24. h4 Ke7 25. Kf1 Rxd1+ 26. Rxd1 Rd8 27. Rxd8 Kxd8 28. h5 g5 29. Ke2 Nc8 30. Bxc8 Kxc8 31. Kf3 Kd7 32. Kg4 Ke6 33. f3 Kf6 34. Nd2 Ke6 35. Nf1 Bd8 36. Ne3 Be7 37. Nd5 Bd6 38. b6 Bf8 39. Ne3 Kf6 40. Nf5 Ke6 41. Kh3 Kf6 42. Ne3 Ke6 43. Kg2 Kd6 44. Kf2 Ke6 45. Ng4 Bg7 46. Ke3 Bf8 47. Nf2 Kd6 48. f4 exf4+ 49. gxf4 gxf4+ 50. Kxf4 Ke6 51. e5 Be7 52. Nd3 f6 53. exf6 Kxf6 54. Ke4 Ke6 55. Nf4+ Kd6 56. Kf5 Bg5 57. Nd5 Bd2 58. Kf6 Bg5+ 59. Kf7 Bd2 60. Nf6 Kc6 61. Ke6 Kxb6 62. Kd5 Bc1 63. Nd7+ Kc7 64. Nxc5 b6 65. Nb3 Be3 66. c5 bxc5 67. Nxc5 Bf2 68. Ne4 1-0

[Event "BUL-chT"]
[Site "Varna"]
[Date "1995.??.??"]
[Round "5"]
[White "Kostadinov, Rumen"]
[Black "Dobrev, Ivan"]
[Result "1/2-1/2"]
[WhiteElo "2275"]
[BlackElo "2310"]
[PlyCount "77"]
[EventDate "1995.??.??"]
[EventType "team"]
[EventRounds "7"]
[EventCountry "BUL"]
[SourceTitle "EXT 2002"]
[Source "ChessBase"]
[SourceDate "2001.11.25"]
[SourceVersion "1"]
[SourceVersionDate "2001.11.25"]
[SourceQuality "1"]

1. d4 d5 2. Nf3 Nf6 3. Bg5 e6 4. e3 Nbd7 5. Nbd2 h6 6. Bh4 Be7 7. Bd3 b6 8. c3 Bb7 9. Qe2 Ne4 10. Bxe7 Qxe7 11. Bb5 0-0 12. 0-0 Nd6 13. Bd3 e5 14. dxe5 Nxe5 15. Nxe5 Qxe5 16. Nf3 Qe7 17. Ba6 Bc6 18. Nd4 Bd7 19. Nb5 Nxb5 20. Bxb5 c6 21. Bd3 Rfe8 22. Qc2 c5 23. Rfd1 Rac8 24. Bf5 Be6 25. Bxe6 fxe6 26. c4 Rcd8 27. cxd5 exd5 28. h3 Qf7 29. Rd2 d4 30. exd4 Rxd4 31. b3 Rxd2 32. Qxd2 Qe6 33. Rd1 Qe2 34. Qd5+ Kh7 35. Rd2 Qe1+ 36. Kh2 Rf8 37. f3 Re8 38. Qf7 Qxd2 39. Qxe8 1/2-1/2